<?xml version="1.0" encoding="UTF-8"?>
<collection xmlns="http://www.loc.gov/MARC21/slim">
 <record>
  <leader>02134nab a2200229 i 4500</leader>
  <controlfield tag="001">acta81813</controlfield>
  <controlfield tag="005">20230927141741.0</controlfield>
  <controlfield tag="008">230927s1958    hu      o     0||   hun d</controlfield>
  <datafield tag="040" ind1=" " ind2=" ">
   <subfield code="a">SZTE Egyetemi Kiadványok Repozitórium</subfield>
   <subfield code="b">hun</subfield>
  </datafield>
  <datafield tag="041" ind1=" " ind2=" ">
   <subfield code="a">hun</subfield>
  </datafield>
  <datafield tag="041" ind1=" " ind2=" ">
   <subfield code="a">ger</subfield>
  </datafield>
  <datafield tag="100" ind1="1" ind2=" ">
   <subfield code="a">Szilas Elemérné</subfield>
  </datafield>
  <datafield tag="245" ind1="1" ind2="0">
   <subfield code="a">Csomagolt élelmiszerekkel végzett tárolási kísérletek II. </subfield>
   <subfield code="h">[elektronikus dokumentum] :</subfield>
   <subfield code="b">napraforgó-étolaj fényállósága /</subfield>
   <subfield code="c"> Szilas Elemérné</subfield>
  </datafield>
  <datafield tag="260" ind1=" " ind2=" ">
   <subfield code="a">Műszaki Könyvkiadó</subfield>
   <subfield code="b">Budapest</subfield>
   <subfield code="c">1958</subfield>
  </datafield>
  <datafield tag="300" ind1=" " ind2=" ">
   <subfield code="a">252-255</subfield>
  </datafield>
  <datafield tag="490" ind1="0" ind2=" ">
   <subfield code="a">Élelmiszervizsgálati közlemények</subfield>
   <subfield code="v">4 No. 9-10</subfield>
  </datafield>
  <datafield tag="520" ind1="3" ind2=" ">
   <subfield code="a">Schon die ersten R esu ltate einer längeren w issenschaftlichen A rb eit deren Ziel die A usarbeitung einer m odernen, den Schutz des raffinierten Sonnenblum enöles dienenden T echnik w ar, zeigen, dass au f theoretischen G rundlagen, m it verhältnism ässig kleiner V ersuchsarbeit zweckmässiges P ack m aterial auffindbar ist. D ie zur Zeit allgem ein angew endete . P ackung des Öles in hellen, durchsichtigen Flaschen ist n ich t zweckmässig. D unkelfarbige, oder m it dunkel pigm entierten Zellophanfolien um hüllte Flaschen, die die A utoxyd atio n des Öles katalysierenden blauen u nd u ltrav io letten L ichtstrahle absorbieren, verleihen Schutz. N icht alle dunkelfarbige Flaschen oder Pigm ente entsprechen aber den A nforderungen un d d aru m m üssen die M aterialien vor G ebrauch gründlich ko n tro lliert werden. P o ly aeth y len Fläschchen — wie es zu erw arten w ar — lassen das Öl durch, u n d so w ird eine stark e katalytische W irkung ausgeübt. Ausserdem ist das ranzige Öl aus diesen Polyaethylen B ehältern restlos nicht e n tfernbar. Die lackierten M etalltuben sind zur Packung des Öles m it Erfolg anw endbar.</subfield>
  </datafield>
  <datafield tag="650" ind1=" " ind2="4">
   <subfield code="a">Műszaki és technológiai tudományok</subfield>
  </datafield>
  <datafield tag="650" ind1=" " ind2="4">
   <subfield code="a">Egyéb műszaki tudományok és technológiák</subfield>
  </datafield>
  <datafield tag="650" ind1=" " ind2="4">
   <subfield code="a">Élelmiszer és italfélék</subfield>
  </datafield>
  <datafield tag="695" ind1=" " ind2=" ">
   <subfield code="a">Élelmiszertárolás, Élelmiszeripari technológia, Élelmiszervizsgálat</subfield>
  </datafield>
  <datafield tag="856" ind1="4" ind2="0">
   <subfield code="u">http://acta.bibl.u-szeged.hu/81813/1/elelmiszervizsgalati_kozlemenyek_1958_09-10_252-255.pdf</subfield>
   <subfield code="z">Dokumentum-elérés </subfield>
  </datafield>
 </record>
</collection>
